| 000 | 00735nam a22002057a 4500 | ||
|---|---|---|---|
| 999 |
_c11893 _d11893 |
||
| 003 | AR-CdUCM | ||
| 008 | 190405b ||||| |||| 00| 0 spa d | ||
| 040 |
_aMUNICIPALIDAD PROVINCIAL DEL CUSCO _cBIBLIOTECA MUNICIPAL DEL CUSCO |
||
| 082 |
_a869.813 / _bR73 / 1920 |
||
| 100 |
_aRodo, José Enrique _93067 |
||
| 245 |
_aHombres de américa : _b(Montalvo - Bolivar -- Rubén Darío) discursos parlamentarios / |
||
| 260 |
_aBarcelona : _bCervantes, _c1920. |
||
| 300 |
_a255 páginas ; _c20 cm. |
||
| 505 | _aContenido : Montalvo -- Bolivar -- Ruben Dario -- Discursos parlamentarios ... | ||
| 650 |
_aLiteratura _983 |
||
| 650 |
_aEspañola _924066 |
||
| 650 |
_aUniversal _918236 |
||
| 942 |
_2ddc _cLIBROS |
||
| 945 |
_arah _d05/04/2019 |
||